|
|
|
|
| LEADER |
01199nam a22002897a 4500 |
| 001 |
5035 |
| 003 |
BD-DhAAL |
| 005 |
20231204144042.0 |
| 008 |
171226t1992 bg a bs f000 0 eng d |
| 020 |
|
|
|a 9845080154
|
| 040 |
|
|
|a BD-DhAAL
|
| 082 |
|
|
|a 304.6095492
|2 20
|
| 245 |
0 |
0 |
|a Bangladesh population census, 1991 :
|b Zila : Bagerhat
|
| 246 |
|
|
|a বাংলাদেশ আদমশুমারী ১৯৯১ :
|b জেলা : বাগেরহাট
|
| 260 |
|
|
|a Dhaka :
|b Bangladesh Bureau of Statistics, Statistics Division, Ministry of Planning, Govt. of the People's Republic of Bangladesh,
|c 1992
|
| 300 |
|
|
|a xiv, 298 pages :
|b illustrations ;
|c 28 cm.
|
| 490 |
|
|
|a Community series
|
| 500 |
|
|
|a Chiefly statistical tables.
|
| 526 |
|
|
|a AAL
|
| 541 |
|
|
|e 5035
|
| 651 |
|
|
|a Bangladesh
|x Population
|v Statistics
|9 24280
|
| 651 |
|
|
|a Bangladesh
|x Census, 1991
|9 24281
|
| 710 |
|
|
|a Bangladesh Bureau of Statistics
|9 24283
|
| 852 |
|
|
|a Ayesha Abed Library
|c Reference Section
|
| 942 |
|
|
|2 ddc
|c BK
|
| 999 |
|
|
|c 38871
|d 38871
|
| 952 |
|
|
|0 0
|1 0
|2 ddc
|4 0
|6 304_609549200000000_BAN
|7 1
|8 RPT
|9 62358
|a BRACUL
|b BRACUL
|c REF
|d 2017-12-26
|g 400.00
|l 0
|o 304.6095492 BAN
|p 3010005035
|r 2017-12-26
|t 1
|w 2017-12-26
|y BK
|